000 00638nam a2200181Ia 4500
003 GCL
008 140319s9999 xx 000 0 ara d
040 _aGCL /
_cGCL
082 0 4 _aق
_b905
_bج م
245 1 0 _aالمجلة التاريخية المصرية
260 _aالقاهرة :
_bالجمعية المصرية للدراسات التاريخية ،
_c1981
300 _aمتعددة ؛
_c24 سم
650 0 4 _aالتاريخ الاسلامى
650 0 4 _aالتاريخ القديم
650 0 4 _aالتاريخ الاسلامى فى العمارة الاسلامية
650 0 4 _aمصر - تاريخ
942 _2ddc
_cBK
999 _c27010
_d27010